Text book of water supply & sanitary engineering (Record no. 12243)

000 -LEADER
fixed length control field 00520nam a22001937a 4500
001 - CONTROL NUMBER
control field 12243
003 - CONTROL NUMBER IDENTIFIER
control field BD-DhUET
008 - FIXED-LENGTH DATA ELEMENTS--GENERAL INFORMATION
fixed length control field 150225b xxu||||| |||| 00| 0 eng d
040 ## - CATALOGING SOURCE
Original cataloging agency DLC
Transcribing agency DLC
Modifying agency BD-DhUET
082 ## - DEWEY DECIMAL CLASSIFICATION NUMBER
Classification number 628
Item number SKH/1976
100 ## - MAIN ENTRY--PERSONAL NAME
Personal name S. K. Husain
245 ## - TITLE STATEMENT
Title Text book of water supply & sanitary engineering
250 ## - EDITION STATEMENT
Edition statement 2nd ed.
260 ## - PUBLICATION, DISTRIBUTION, ETC. (IMPRINT)
Place of publication, distribution, etc. New York
Name of publisher, distributor, etc. Oxford & IBM publishing
Date of publication, distribution, etc. 1976
300 ## - PHYSICAL DESCRIPTION
Extent xv, 884p.
Other physical details illus.
504 ## - BIBLIOGRAPHY, ETC. NOTE
Bibliography, etc Includes bibliographies
650 #0 - SUBJECT ADDED ENTRY--TOPICAL TERM
Topical term or geographic name as entry element Water-supply engineering
942 ## - ADDED ENTRY ELEMENTS (KOHA)
Koha item type General Book
Holdings
Koha full call number Damaged status Source of classification or shelving scheme Koha normalized classification for sorting Koha item type Not for loan Sublocation or collection (holding branch) Copy number Location (home branch) Piece designation (barcode) Lost status Koha date last seen Date acquired Shelving location Price effective from Withdrawn status
628/SKH/1976  628_000000000000000_SKH_1976General Book Central Library, BUET1Central Library, BUET42886 2015-02-252015-02-25Circulation section2015-02-25 
628/SKH/1976  628_000000000000000_SKH_1976General Book Central Library, BUET2Central Library, BUET53661 2015-05-102015-05-10Circulation section2015-05-10 
628/SKH/1976  628_000000000000000_SKH_1976Reading Item Central Library, BUET3Central Library, BUET42887 2015-06-302015-06-30Reading section2015-06-30